<?xml version="1.0" encoding="UTF-8"?><?xml-stylesheet type="text/xsl" href="static/style.xsl"?><OAI-PMH xmlns="http://www.openarchives.org/OAI/2.0/" xmlns:xsi="http://www.w3.org/2001/XMLSchema-instance" xsi:schemaLocation="http://www.openarchives.org/OAI/2.0/ http://www.openarchives.org/OAI/2.0/OAI-PMH.xsd"><responseDate>2026-04-27T21:42:31Z</responseDate><request verb="GetRecord" identifier="oai:uvadoc.uva.es:10324/3304" metadataPrefix="marc">https://uvadoc.uva.es/oai/request</request><GetRecord><record><header><identifier>oai:uvadoc.uva.es:10324/3304</identifier><datestamp>2021-06-23T11:46:57Z</datestamp><setSpec>com_10324_1182</setSpec><setSpec>com_10324_931</setSpec><setSpec>com_10324_894</setSpec><setSpec>col_10324_1394</setSpec></header><metadata><record xmlns="http://www.loc.gov/MARC21/slim" xmlns:doc="http://www.lyncode.com/xoai" xmlns:xsi="http://www.w3.org/2001/XMLSchema-instance" xmlns:dcterms="http://purl.org/dc/terms/" xsi:schemaLocation="http://www.loc.gov/MARC21/slim http://www.loc.gov/standards/marcxml/schema/MARC21slim.xsd">
<leader>00925njm 22002777a 4500</leader>
<datafield tag="042" ind1=" " ind2=" ">
<subfield code="a">dc</subfield>
</datafield>
<datafield tag="720" ind1=" " ind2=" ">
<subfield code="a">Sanz Mínguez, Carlos</subfield>
<subfield code="e">author</subfield>
</datafield>
<datafield tag="720" ind1=" " ind2=" ">
<subfield code="a">Velasco Vázquez, Javier</subfield>
<subfield code="e">author</subfield>
</datafield>
<datafield tag="720" ind1=" " ind2=" ">
<subfield code="a">Garrido Blázquez, Ana Isabel</subfield>
<subfield code="e">author</subfield>
</datafield>
<datafield tag="260" ind1=" " ind2=" ">
<subfield code="c">2006</subfield>
</datafield>
<datafield tag="520" ind1=" " ind2=" ">
<subfield code="a">De nuevo el Proyecto Pintia, en su desarrollo hasta 2004, es objeto de atención en un congreso sobre musealización de yacimientos arqueológicos.</subfield>
</datafield>
<datafield tag="024" ind2=" " ind1="8">
<subfield code="a">III Congreso Internacional sobre musealización de yacimientos arqueológicos. De la excavación al público. Procesos de decisión y creación de nuevos recursos. Zaragoza : Ayuntamiento de Zaragoza, Institución "Fernando el Católico", 2006, pp. 351-358.</subfield>
</datafield>
<datafield tag="024" ind2=" " ind1="8">
<subfield code="a">84-8069-392-4</subfield>
</datafield>
<datafield tag="024" ind2=" " ind1="8">
<subfield code="a">http://uvadoc.uva.es/handle/10324/3304</subfield>
</datafield>
<datafield ind1=" " ind2=" " tag="653">
<subfield code="a">Vacceos</subfield>
</datafield>
<datafield ind1=" " ind2=" " tag="653">
<subfield code="a">Yacimientos arqueológicos - Padilla de Duero (Valladolid)</subfield>
</datafield>
<datafield ind1=" " ind2=" " tag="653">
<subfield code="a">Monumentoshistóricos - Conservación y restauración - Congresos</subfield>
</datafield>
<datafield ind1=" " ind2=" " tag="653">
<subfield code="a">Arqueología - Museos - Congresos</subfield>
</datafield>
<datafield tag="245" ind1="0" ind2="0">
<subfield code="a">Proyecto Pintia. Protección, investigación y divulgación de una ciudad vacceo-romana en el valle medio del Duero</subfield>
</datafield>
</record></metadata></record></GetRecord></OAI-PMH>